[Event "Keres mem (29th)"]
[Site "Vancouver CAN"]
[Date "2004.05.21"]
[Round "1.12"]
[White "Davies, Lucas"]
[Black "Krzyzowski, Ernest"]
[Result "1-0"]
[WhiteElo "2115"]
[BlackElo "1708"]
[PlyCount "69"]
[GameId "2160767911145763"]
[EventDate "2004.05.21"]
[EventType "swiss"]
[EventRounds "7"]
[EventCountry "CAN"]
[SourceTitle "LesEchecs.com"]
[Source "LesEchecs.com"]
[SourceDate "2003.03.18"]
[SourceVersion "1"]
[SourceVersionDate "2003.01.01"]
[SourceQuality "1"]

1. e4 Nf6 2. e5 Nd5 3. d4 d6 4. c4 Nb6 5. exd6 cxd6 6. Nc3 g6 7. Be3 Bg7 8. Rc1 O-O 9. b3 Nc6 10. d5 Ne5 11. f4 Ng4 12. Bd4 Nf6 13. Nf3 Bg4 14. Be2 Nbd7 15. h3 Bxf3 16. Bxf3 Ne8 17. O-O Bxd4+ 18. Qxd4 Qb6 19. Qxb6 Nxb6 20. Rce1 Nc8 21. Nb5 a6 22. Nd4 Ng7 23. Bg4 f5 24. Bd1 Kf7 25. Bc2 Nb6 26. Re3 Rac8 27. Rfe1 Rfe8 28. g4 fxg4 29. hxg4 Nd7 30. Ne6 Nf6 31. Nxg7 Nxd5 32. Nxe8 Nxe3 33. Nxd6+ exd6 34. Rxe3 b5 35. Bd3 1-0

[Event "Keres mem (29th)"]
[Site "Vancouver CAN"]
[Date "2004.05.21"]
[Round "1.13"]
[White "Fletcher, Christopher"]
[Black "Oszvald, Joseph"]
[Result "0-1"]
[WhiteElo "1689"]
[BlackElo "2113"]
[PlyCount "82"]
[GameId "2160767911145764"]
[EventDate "2004.05.21"]
[EventType "swiss"]
[EventRounds "7"]
[EventCountry "CAN"]
[SourceTitle "LesEchecs.com"]
[Source "LesEchecs.com"]
[SourceDate "2003.03.18"]
[SourceVersion "1"]
[SourceVersionDate "2003.01.01"]
[SourceQuality "1"]

1. d4 c5 2. e4 cxd4 3. Qxd4 Nc6 4. Qd1 Nf6 5. Nc3 g6 6. a3 Bg7 7. Bd3 d5 8. Nf3 O-O 9. O-O Bg4 10. h3 d4 11. Nd5 Nxd5 12. exd5 Bxf3 13. Qxf3 Ne5 14. Qe4 f5 15. Qe2 Qxd5 16. Bg5 Nxd3 17. Qxd3 e5 18. Qd2 Rac8 19. c3 d3 20. f3 Rf7 21. Rad1 Rd7 22. Bh6 Re8 23. Bxg7 Kxg7 24. Qg5 h6 25. Qh4 b6 26. g4 g5 27. Qh5 Qf7 28. Qxf7+ Kxf7 29. Rd2 Kf6 30. Kg2 f4 31. Re1 Rd6 32. Red1 Red8 33. Re1 Rd5 34. Re4 Ke6 35. Kf2 Kd6 36. c4 Rd4 37. Rxd4+ exd4 38. Rxd3 Kc5 39. b3 Re8 40. Kf1 Re3 41. Rxe3 dxe3 0-1

[Event "Keres mem (29th)"]
[Site "Vancouver CAN"]
[Date "2004.05.21"]
[Round "1.14"]
[White "Ferguson, Jim"]
[Black "Angelvette, Duane"]
[Result "1/2-1/2"]
[WhiteElo "2111"]
[BlackElo "1686"]
[PlyCount "113"]
[GameId "2160767911145765"]
[EventDate "2004.05.21"]
[EventType "swiss"]
[EventRounds "7"]
[EventCountry "CAN"]
[SourceTitle "LesEchecs.com"]
[Source "LesEchecs.com"]
[SourceDate "2003.03.18"]
[SourceVersion "1"]
[SourceVersionDate "2003.01.01"]
[SourceQuality "1"]

1. Nf3 f5 2. d3 Nc6 3. e4 fxe4 4. dxe4 e5 5. Bc4 Nf6 6. Nc3 Bc5 7. O-O d6 8. Ng5 Rf8 9. Nxh7 Rh8 10. Ng5 Bg4 11. Bf7+ Kf8 12. Qd3 Nb4 13. Qg3 Qd7 14. Be3 Nxc2 15. Bxc5 Nxa1 16. Rxa1 dxc5 17. h3 Bh5 18. Be6 Qd4 19. Bd5 Re8 20. Ne6+ Rxe6 21. Bxe6 c6 22. Qg5 Qd6 23. Bb3 Bf7 24. Rd1 Qe7 25. Qf5 c4 26. Qc8+ Ne8 27. Ba4 Rh6 28. Rd7 Be6 29. Rxe7 Bxc8 30. Rxe5 Rg6 31. Kh2 Nd6 32. Bd1 b5 33. a3 a5 34. Ne2 Nf7 35. Rh5 Rd6 36. Nc3 b4 37. e5 Rd2 38. axb4 axb4 39. Bg4 Bxg4 40. hxg4 bxc3 41. bxc3 Rc2 42. e6 Nd6 43. f4 Rxc3 44. Rc5 Ke7 45. f5 g6 46. fxg6 Ra3 47. Rxc6 Kxe6 48. g3 Ra8 49. Rc7 Rg8 50. g7 Kd5 51. Kh3 Ke5 52. Kh4 Ne8 53. Rxc4 Rxg7 54. Kh3 Nf6 55. Rf4 Rg6 56. Kg2 Rg5 57. Rf5+ 1/2-1/2

[Event "Keres mem (29th)"]
[Site "Vancouver CAN"]
[Date "2004.05.21"]
[Round "1.15"]
[White "Collins, Casey"]
[Black "North, Robert"]
[Result "0-1"]
[WhiteElo "1685"]
[BlackElo "2081"]
[PlyCount "54"]
[GameId "2160767911145766"]
[EventDate "2004.05.21"]
[EventType "swiss"]
[EventRounds "7"]
[EventCountry "CAN"]
[SourceTitle "LesEchecs.com"]
[Source "LesEchecs.com"]
[SourceDate "2003.03.18"]
[SourceVersion "1"]
[SourceVersionDate "2003.01.01"]
[SourceQuality "1"]

1. d4 Nf6 2. c4 g6 3. Nf3 Bg7 4. Nc3 d5 5. e3 O-O 6. cxd5 Nxd5 7. Qb3 Nb6 8. g3 c6 9. Bg2 Be6 10. Qc2 Bc4 11. Bd2 N8d7 12. Na4 Bb5 13. Nxb6 Qxb6 14. Qb3 Qa6 15. Bf1 Bxf1 16. Rxf1 c5 17. Bc3 cxd4 18. Bxd4 e5 19. Bc3 Nc5 20. Qa3 Nd3+ 21. Kd2 Qc6 22. Ne1 Nc5 23. f3 a5 24. b4 axb4 25. Qxb4 Ra4 26. Qb2 Rc4 27. Bb4 Rd8+ 0-1

[Event "Keres mem (29th)"]
[Site "Vancouver CAN"]
[Date "2004.05.22"]
[Round "2.1"]
[White "Orlov, Georgi"]
[Black "Milicevic, Dragoljub"]
[Result "1-0"]
[WhiteElo "2605"]
[BlackElo "2209"]
[PlyCount "99"]
[GameId "2160767911145767"]
[EventDate "2004.05.21"]
[EventType "swiss"]
[EventRounds "7"]
[EventCountry "CAN"]
[SourceTitle "LesEchecs.com"]
[Source "LesEchecs.com"]
[SourceDate "2003.03.18"]
[SourceVersion "1"]
[SourceVersionDate "2003.01.01"]
[SourceQuality "1"]

1. d4 d5 2. c4 e6 3. Nf3 f5 4. g3 Nf6 5. Bg2 c6 6. O-O Bd6 7. Ne5 O-O 8. Bf4 dxc4 9. Nxc4 Bxf4 10. gxf4 Nd5 11. e3 Nd7 12. Nbd2 Qe7 13. Nf3 b6 14. Rc1 Ba6 15. Re1 Bxc4 16. Rxc4 Rac8 17. a3 c5 18. dxc5 Rxc5 19. Rxc5 bxc5 20. Qa4 N7b6 21. Qa6 Rc8 22. Rc1 Rc7 23. Kh1 g6 24. Ne5 Qh4 25. Kg1 Qf6 26. a4 Qe7 27. Qb5 Nb4 28. Kh1 Kg7 29. b3 Qd6 30. Qe2 N6d5 31. Nc4 Qe7 32. Na3 a6 33. Nc4 Qf6 34. Ne5 h6 35. Bxd5 exd5 36. Rg1 g5 37. Qh5 Nc6 38. Nxc6 Qxc6 39. fxg5 d4+ 40. f3 Kh7 41. exd4 cxd4 42. gxh6 Qe6 43. Qh4 Qxb3 44. Qg3 Qf7 45. Qe5 Re7 46. Qxd4 Rd7 47. Qxd7 Qxd7 48. Rg7+ Qxg7 49. hxg7 Kxg7 50. Kg2 1-0

[Event "Keres mem (29th)"]
[Site "Vancouver CAN"]
[Date "2004.05.22"]
[Round "2.2"]
[White "Fullbrook, Nigel"]
[Black "Arapovic, Vitomir"]
[Result "1/2-1/2"]
[WhiteElo "2157"]
[BlackElo "2322"]
[PlyCount "97"]
[GameId "2160767911145768"]
[EventDate "2004.05.21"]
[EventType "swiss"]
[EventRounds "7"]
[EventCountry "CAN"]
[SourceTitle "LesEchecs.com"]
[Source "LesEchecs.com"]
[SourceDate "2003.03.18"]
[SourceVersion "1"]
[SourceVersionDate "2003.01.01"]
[SourceQuality "1"]

1. e4 g6 2. d4 Bg7 3. f4 d6 4. Nf3 c6 5. c3 Nf6 6. e5 Nd5 7. Be2 O-O 8. O-O Bg4 9. h3 Bxf3 10. Bxf3 e6 11. Bxd5 cxd5 12. Nd2 Nc6 13. Nf3 b5 14. Qe2 Rb8 15. a3 a5 16. b4 Ne7 17. g4 Qc7 18. Bd2 Rb7 19. Rf2 Ra8 20. Raf1 axb4 21. axb4 Ra2 22. exd6 Qxd6 23. Ne5 f5 24. Nd3 Nc6 25. Nc5 Re7 26. Qd3 Qb8 27. Re2 Nd8 28. Rfe1 Qb6 29. Be3 Rxe2 30. Rxe2 Ra7 31. Bf2 Bf6 32. Qb1 Kf7 33. Ra2 Nc6 34. gxf5 exf5 35. Rxa7+ Qxa7 36. Qd3 Qb8 37. Qe2 Nd8 38. Bg3 Be7 39. Qa2 Qd6 40. Qa8 Qc6 41. Qb8 Bxc5 42. bxc5 Ne6 43. Kf2 Qa6 44. Kf3 b4 45. Qxb4 Qf1+ 46. Ke3 g5 47. Qb7+ Kg6 48. Qxd5 Nxf4 49. Qg8+ 1/2-1/2

[Event "Keres mem (29th)"]
[Site "Vancouver CAN"]
[Date "2004.05.22"]
[Round "2.3"]
[White "Yoos, John"]
[Black "Davies, Lucas"]
[Result "1-0"]
[WhiteElo "2442"]
[BlackElo "2115"]
[PlyCount "113"]
[GameId "2160767911145769"]
[EventDate "2004.05.21"]
[EventType "swiss"]
[EventRounds "7"]
[EventCountry "CAN"]
[SourceTitle "LesEchecs.com"]
[Source "LesEchecs.com"]
[SourceDate "2003.03.18"]
[SourceVersion "1"]
[SourceVersionDate "2003.01.01"]
[SourceQuality "1"]

1. e4 c6 2. d4 d5 3. e5 Bf5 4. Nc3 Qb6 5. Nf3 e6 6. Be2 c5 7. O-O Nc6 8. b3 cxd4 9. Nb5 Bc5 10. Bb2 d3 11. Bxd3 Bxd3 12. Qxd3 Nge7 13. Nd6+ Bxd6 14. exd6 Nf5 15. d7+ Kxd7 16. c4 Kc7 17. Ng5 dxc4 18. Qxc4 Raf8 19. Rad1 Qb4 20. Qc1 h6 21. Ba3 Qg4 22. Nf3 Rd8 23. Ne5 Rxd1 24. Rxd1 Qe4 25. Nxf7 Nh4 26. Bd6+ Kc8 27. f3 Qg6 28. Bg3 Nxf3+ 29. gxf3 Qxf7 30. b4 a6 31. a4 Rd8 32. b5 Rxd1+ 33. Qxd1 axb5 34. axb5 Nb4 35. Qd6 Nd5 36. Qb8+ Kd7 37. Qxb7+ Ke8 38. Qc8+ Ke7 39. Qb7+ Ke8 40. Qxf7+ Kxf7 41. Kf1 Ke7 42. Be5 g5 43. Ke2 Nb6 44. Kd3 Nd7 45. Kd4 Kd8 46. h3 Kc8 47. Bg7 h5 48. Ke4 Kc7 49. Bd4 Kd6 50. Be3 Nf6+ 51. Kd3 g4 52. fxg4 hxg4 53. h4 Kd5 54. b6 Nd7 55. Ke2 e5 56. h5 Ke6 57. b7 1-0

[Event "Keres mem (29th)"]
[Site "Vancouver CAN"]
[Date "2004.05.22"]
[Round "2.4"]
[White "Oszvald, Joseph"]
[Black "Harper, Bruce"]
[Result "1/2-1/2"]
[WhiteElo "2113"]
[BlackElo "2337"]
[PlyCount "82"]
[GameId "2160767911145770"]
[EventDate "2004.05.21"]
[EventType "swiss"]
[EventRounds "7"]
[EventCountry "CAN"]
[SourceTitle "LesEchecs.com"]
[Source "LesEchecs.com"]
[SourceDate "2003.03.18"]
[SourceVersion "1"]
[SourceVersionDate "2003.01.01"]
[SourceQuality "1"]

1. c4 Nf6 2. Nc3 e6 3. g3 d5 4. cxd5 exd5 5. d4 c6 6. Bg2 Bd6 7. e3 O-O 8. Nge2 Re8 9. O-O Bf5 10. a3 Nbd7 11. b4 b5 12. Bd2 Nb6 13. Nc1 Nc4 14. Nb3 Qd7 15. Nc5 Bxc5 16. bxc5 Bh3 17. Re1 Bxg2 18. Kxg2 Qf5 19. Bc1 Re7 20. Ra2 Rae8 21. Rae2 Ne4 22. Qc2 Qh5 23. h4 Re6 24. Nxe4 dxe4 25. a4 a6 26. axb5 axb5 27. Qd1 Qd5 28. Rc2 Rf6 29. Qg4 h5 30. Qh3 Ra8 31. Bd2 Rg6 32. Bc3 Re6 33. Rcc1 Ra3 34. Kh2 Ra2 35. Kg1 Re8 36. Ra1 Rea8 37. Rxa2 Rxa2 38. Qc8+ Kh7 39. Rf1 g6 40. g4 hxg4 41. Qxg4 Ra3 1/2-1/2

[Event "Keres mem (29th)"]
[Site "Vancouver CAN"]
[Date "2004.05.22"]
[Round "2.5"]
[White "Gansvind, Valeriya"]
[Black "Chan, James"]
[Result "1-0"]
[WhiteElo "2311"]
[BlackElo "1952"]
[PlyCount "55"]
[GameId "2160767911145771"]
[EventDate "2004.05.21"]
[EventType "swiss"]
[EventRounds "7"]
[EventCountry "CAN"]
[SourceTitle "LesEchecs.com"]
[Source "LesEchecs.com"]
[SourceDate "2003.03.18"]
[SourceVersion "1"]
[SourceVersionDate "2003.01.01"]
[SourceQuality "1"]

1. d4 f5 2. Bg5 g6 3. e3 Bg7 4. h4 h6 5. Bf4 Nf6 6. Nc3 c6 7. Bd3 d5 8. Nf3 Be6 9. Ne5 Bf7 10. h5 Nxh5 11. Nxf7 Kxf7 12. Rxh5 gxh5 13. Qxh5+ Kg8 14. Bxf5 Qf8 15. O-O-O Qf7 16. Qh3 Kf8 17. Ne2 Na6 18. Bg3 e5 19. dxe5 Re8 20. Nf4 Nc5 21. Rd4 Ne4 22. e6 Qf6 23. Ng6+ Kg8 24. Be5 Qg5 25. Bxg7 Kxg7 26. Nxh8 Rxh8 27. Bxe4 dxe4 28. Rd7+ 1-0

[Event "Keres mem (29th)"]
[Site "Vancouver CAN"]
[Date "2004.05.22"]
[Round "2.6"]
[White "North, Robert"]
[Black "Adam, Valerian"]
[Result "1-0"]
[WhiteElo "2081"]
[BlackElo "2292"]
[PlyCount "95"]
[GameId "2160767911145772"]
[EventDate "2004.05.21"]
[EventType "swiss"]
[EventRounds "7"]
[EventCountry "CAN"]
[SourceTitle "LesEchecs.com"]
[Source "LesEchecs.com"]
[SourceDate "2003.03.18"]
[SourceVersion "1"]
[SourceVersionDate "2003.01.01"]
[SourceQuality "1"]

1. c4 e5 2. g3 Bc5 3. Bg2 Nc6 4. Nc3 d6 5. a3 a5 6. e3 Nge7 7. Nge2 Bg4 8. h3 Bh5 9. O-O O-O 10. g4 Bg6 11. d4 exd4 12. exd4 Bb6 13. Be3 f5 14. c5 dxc5 15. dxc5 Qxd1 16. Raxd1 Ba7 17. Rd7 Rac8 18. Nd5 Nxd5 19. Bxd5+ Bf7 20. Bxc6 bxc6 21. b4 fxg4 22. hxg4 Be6 23. Rd4 Rcd8 24. Rfd1 Rxd4 25. Rxd4 axb4 26. axb4 Ra8 27. f3 Bd5 28. Kf2 Bb8 29. Nc3 Kf7 30. Nxd5 cxd5 31. Rxd5 Ke6 32. Rd8 c6 33. f4 g5 34. f5+ Kf6 35. Kf3 h6 36. Rh8 Kg7 37. Bd4+ Kf7 38. Ke4 Ke7 39. Be5 Bxe5 40. Rxa8 Bc3 41. Ra7+ Kd8 42. Rh7 Bxb4 43. Kd4 Be1 44. Rxh6 Bf2+ 45. Kc4 Kd7 46. Rd6+ Kc7 47. f6 Bg3 48. f7 1-0

[Event "Keres mem (29th)"]
[Site "Vancouver CAN"]
[Date "2004.05.22"]
[Round "2.7"]
[White "Escandor, Manuel Omana"]
[Black "Kyriakides, Savvas"]
[Result "0-1"]
[WhiteElo "1686"]
[BlackElo "1797"]
[PlyCount "136"]
[GameId "2160767911145773"]
[EventDate "2004.05.21"]
[EventType "swiss"]
[EventRounds "7"]
[EventCountry "CAN"]
[SourceTitle "LesEchecs.com"]
[Source "LesEchecs.com"]
[SourceDate "2003.03.18"]
[SourceVersion "1"]
[SourceVersionDate "2003.01.01"]
[SourceQuality "1"]

1. e4 c5 2. Nc3 Nc6 3. Nf3 g6 4. Bc4 Bg7 5. O-O d6 6. h3 Nf6 7. a3 O-O 8. d3 a6 9. Bg5 h6 10. Be3 e6 11. Ba2 b5 12. Qd2 Kh7 13. Rab1 Qc7 14. Rfe1 Bb7 15. Ne2 Ne7 16. Bf4 Nd7 17. c3 Rad8 18. Rbc1 Ne5 19. Nh2 Qb6 20. Be3 Qc7 21. f4 Nd7 22. Rf1 d5 23. Qc2 Qc6 24. Bb1 dxe4 25. dxe4 Nf5 26. Rf3 Nxe3 27. Rxe3 Nf6 28. Ng3 Rd7 29. Ng4 Nxg4 30. hxg4 Rfd8 31. Re2 c4 32. Rf1 Rd3 33. Rf3 Qc5+ 34. Kh2 Qd6 35. Ref2 Rd2 36. Qc1 Rd1 37. Qc2 Rd2 38. Qc1 Rxf2 39. Rxf2 Qd1 40. Qxd1 Rxd1 41. Bc2 Rd7 42. Nf1 Bf8 43. Kg3 Bc5 44. Re2 Kg7 45. Nd2 g5 46. f5 Be3 47. Nf3 Bc1 48. fxe6 fxe6 49. Nd4 Bxb2 50. Nxe6+ Kg8 51. Rf2 Bxa3 52. e5 Bd5 53. Bf5 Re7 54. Ra2 Bxe6 55. Rxa3 Bxf5 56. gxf5 Rxe5 57. Rxa6 Re3+ 58. Kg4 Rxc3 59. Rxh6 b4 60. Rb6 b3 61. f6 Rd3 62. Kf5 Rd8 63. Kxg5 Rc8 64. Kg6 c3 65. Rxb3 c2 66. Rh3 Rc6 67. Rg3 c1=Q 68. Kf5+ Kf8 0-1

[Event "Keres mem (29th)"]
[Site "Vancouver CAN"]
[Date "2004.05.22"]
[Round "2.8"]
[White "Burke, Paul"]
[Black "Tegzes, Laszlo"]
[Result "1-0"]
[WhiteElo "2019"]
[BlackElo "2203"]
[PlyCount "105"]
[GameId "2160767911145774"]
[EventDate "2004.05.21"]
[EventType "swiss"]
[EventRounds "7"]
[EventCountry "CAN"]
[SourceTitle "LesEchecs.com"]
[Source "LesEchecs.com"]
[SourceDate "2003.03.18"]
[SourceVersion "1"]
[SourceVersionDate "2003.01.01"]
[SourceQuality "1"]

1. e4 c5 2. Nc3 Nc6 3. g3 d6 4. Bg2 g6 5. d3 Bg7 6. f4 e6 7. Nf3 Nge7 8. O-O O-O 9. Be3 Nd4 10. Kh1 Rb8 11. Rb1 b5 12. Ne2 Nxf3 13. Bxf3 Qc7 14. d4 cxd4 15. Bxd4 e5 16. Be3 f5 17. Nc3 fxe4 18. Bxe4 Bb7 19. Nd5 Nxd5 20. Bxd5+ Qf7 21. Bxb7 Qxb7+ 22. Kg1 Rbd8 23. Qd2 d5 24. fxe5 Bxe5 25. Rxf8+ Rxf8 26. Bd4 Qg7 27. Bxe5 Qxe5 28. c3 Re8 29. Rd1 Rd8 30. Qd4 Qxd4+ 31. Rxd4 Kf7 32. a4 bxa4 33. Rxa4 Rd7 34. Kf2 Ke6 35. Ke3 Rb7 36. Ra6+ Ke5 37. b4 Rc7 38. Kd3 g5 39. Rh6 Rf7 40. Rh5 Kf6 41. Kd4 Kg6 42. g4 Rf4+ 43. Kxd5 Rxg4 44. Rh3 Rg2 45. c4 h5 46. c5 g4 47. Rc3 Kf5 48. c6 Rd2+ 49. Kc5 Ke6 50. Kb5 Rd8 51. c7 Rc8 52. Kc6 h4 53. Kb7 1-0

[Event "Keres mem (29th)"]
[Site "Vancouver CAN"]
[Date "2004.05.22"]
[Round "2.9"]
[White "Steininger, Gavin"]
[Black "Ferguson, Jim"]
[Result "0-1"]
[WhiteElo "1951"]
[BlackElo "2111"]
[PlyCount "50"]
[GameId "2160767911145775"]
[EventDate "2004.05.21"]
[EventType "swiss"]
[EventRounds "7"]
[EventCountry "CAN"]
[SourceTitle "LesEchecs.com"]
[Source "LesEchecs.com"]
[SourceDate "2003.03.18"]
[SourceVersion "1"]
[SourceVersionDate "2003.01.01"]
[SourceQuality "1"]

1. e4 c5 2. Nf3 d6 3. d4 Nf6 4. Nc3 cxd4 5. Nxd4 a6 6. Be3 Ng4 7. Bc1 Nc6 8. f3 Nf6 9. Be3 d5 10. Nxc6 bxc6 11. e5 Nd7 12. f4 e6 13. Ne2 Be7 14. Nd4 Qc7 15. c3 c5 16. Nf3 O-O 17. Bd3 f6 18. h4 fxe5 19. Bxh7+ Kxh7 20. Ng5+ Kg8 21. Nxe6 Qd6 22. Nxf8 Bxf8 23. fxe5 Qxe5 24. Qf3 Nf6 25. O-O-O Bg4 0-1

[Event "Keres mem (29th)"]
[Site "Vancouver CAN"]
[Date "2004.05.22"]
[Round "2.10"]
[White "Goutor, Valentina"]
[Black "Meng, Fanhao"]
[Result "0-1"]
[WhiteElo "1899"]
[BlackElo "2300"]
[PlyCount "122"]
[GameId "2160767911145776"]
[EventDate "2004.05.21"]
[EventType "swiss"]
[EventRounds "7"]
[EventCountry "CAN"]
[SourceTitle "LesEchecs.com"]
[Source "LesEchecs.com"]
[SourceDate "2003.03.18"]
[SourceVersion "1"]
[SourceVersionDate "2003.01.01"]
[SourceQuality "1"]

1. e4 e5 2. Nf3 Nc6 3. Bb5 a6 4. Ba4 Nf6 5. O-O Be7 6. Re1 b5 7. Bb3 d6 8. c3 O-O 9. h3 Na5 10. Bc2 c5 11. d4 Qc7 12. Nbd2 cxd4 13. cxd4 Bb7 14. d5 Rfc8 15. Bd3 Nd7 16. Nf1 Nc4 17. b3 Ncb6 18. Ne3 Nc5 19. Bb2 Nxd3 20. Qxd3 Qd7 21. Rac1 Rf8 22. Re2 g6 23. Ne1 f5 24. f3 Bg5 25. Rec2 Rac8 26. Rxc8 Bxc8 27. Rc6 Na8 28. Ba3 Rf6 29. Bb4 Bb7 30. Rc2 Qd8 31. Kh1 Qb6 32. Bd2 f4 33. Ng4 Rf7 34. Qe2 h5 35. Nh2 Rc7 36. Rxc7 Qxc7 37. Qd1 Bh4 38. Nd3 Kf7 39. Qc1 Qxc1+ 40. Bxc1 a5 41. a3 Ba6 42. b4 a4 43. Nf1 Nb6 44. Nd2 Nc4 45. Nb1 g5 46. Nc3 g4 47. hxg4 hxg4 48. Kg1 Bd8 49. Kf1 Bb6 50. Nd1 Kg6 51. N3f2 Bc8 52. Ke2 Kh5 53. Nc3 gxf3+ 54. gxf3 Bd7 55. Nfd1 Kh4 56. Nb1 Kg3 57. Nb2 Nxb2 58. Bxb2 Be8 59. Nc3 Bd4 60. Nd1 Bxb2 61. Nxb2 Bh5 0-1

[Event "Keres mem (29th)"]
[Site "Vancouver CAN"]
[Date "2004.05.22"]
[Round "2.11"]
[White "Yousefzadeh, Mehrdad"]
[Black "Schemm, Michael"]
[Result "1-0"]
[WhiteElo "1987"]
[BlackElo "2077"]
[PlyCount "157"]
[GameId "2160767911145777"]
[EventDate "2004.05.21"]
[EventType "swiss"]
[EventRounds "7"]
[EventCountry "CAN"]
[SourceTitle "LesEchecs.com"]
[Source "LesEchecs.com"]
[SourceDate "2003.03.18"]
[SourceVersion "1"]
[SourceVersionDate "2003.01.01"]
[SourceQuality "1"]

1. d4 Nc6 2. Nf3 d5 3. Bf4 Bg4 4. e3 e6 5. c4 dxc4 6. Bxc4 Bb4+ 7. Nc3 Nge7 8. O-O O-O 9. Rc1 h6 10. a3 Bd6 11. Bxd6 cxd6 12. h3 Bh5 13. d5 Ne5 14. Be2 Nxf3+ 15. Bxf3 Bxf3 16. Qxf3 e5 17. Rc2 f5 18. Rfc1 Qa5 19. Qd1 Rac8 20. Qd3 a6 21. f3 Rc7 22. e4 fxe4 23. Nxe4 Rxc2 24. Rxc2 Nf5 25. b4 Qd8 26. Rc3 Qh4 27. Qe2 Nd4 28. Qf2 Qd8 29. Qe3 Qd7 30. Kh2 Rd8 31. f4 Qf7 32. fxe5 dxe5 33. d6 Nf5 34. Qb6 Rd7 35. Rc8+ Kh7 36. Rc7 Nd4 37. Rxd7 Qxd7 38. Qc7 Qf5 39. Qxb7 Qf4+ 40. Ng3 Nf5 41. Qf3 Qxf3 42. gxf3 Nxd6 43. Ne4 Nc4 44. Nc5 Nxa3 45. Nxa6 Nb5 46. Kg3 Kg6 47. Nc5 Kf5 48. Kf2 g5 49. Ke3 h5 50. Ne4 h4 51. Nc5 Nc3 52. Nd3 Ke6 53. Nc5+ Kd5 54. Kd3 Nd1 55. Ne4 Nb2+ 56. Kc3 Na4+ 57. Kd3 Nb2+ 58. Kc3 Na4+ 59. Kb3 Nb6 60. Nxg5 Kd4 61. Nf7 Nd7 62. Nd6 Ke3 63. Nf5+ Kxf3 64. Kc3 e4 65. Nxh4+ Kg3 66. Nf5+ Kxh3 67. Kd4 Kg4 68. Kxe4 Nf6+ 69. Ke5 Nd7+ 70. Kd6 Nb6 71. Ne7 Nc4+ 72. Kc5 Na3 73. Nc8 Kf5 74. Nd6+ Ke6 75. Nc4 Nc2 76. b5 Kd7 77. b6 Kc8 78. Na5 Ne3 79. b7+ 1-0

[Event "Keres mem (29th)"]
[Site "Vancouver CAN"]
[Date "2004.05.22"]
[Round "2.12"]
[White "Neufahrt, Gerhard"]
[Black "Ryan, Mark"]
[Result "1/2-1/2"]
[WhiteElo "2052"]
[BlackElo "1968"]
[PlyCount "52"]
[GameId "2160767911145778"]
[EventDate "2004.05.21"]
[EventType "swiss"]
[EventRounds "7"]
[EventCountry "CAN"]
[SourceTitle "LesEchecs.com"]
[Source "LesEchecs.com"]
[SourceDate "2003.03.18"]
[SourceVersion "1"]
[SourceVersionDate "2003.01.01"]
[SourceQuality "1"]

1. e4 c5 2. f4 Nc6 3. Nf3 e6 4. Nc3 Nf6 5. e5 Nd5 6. Nxd5 exd5 7. d4 d6 8. c3 Be7 9. Bd3 O-O 10. Be3 Qc7 11. O-O b6 12. Rc1 f6 13. Bb1 Ba6 14. dxc5 dxc5 15. Qxd5+ Kh8 16. exf6 Rxf6 17. Rfe1 Rd8 18. Qe4 g6 19. Ne5 Bb7 20. Qc4 Bd6 21. Ng4 Rff8 22. Rcd1 Bxf4 23. Bxf4 Rxd1 24. Rxd1 Rxf4 25. Qe6 Qf7 26. Qxf7 Rxf7 1/2-1/2

[Event "Keres mem (29th)"]
[Site "Vancouver CAN"]
[Date "2004.05.22"]
[Round "2.13"]
[White "Krzyzowski, Ernest"]
[Black "Schuetzhold, Ralf"]
[Result "1/2-1/2"]
[WhiteElo "1708"]
[BlackElo "2077"]
[PlyCount "99"]
[GameId "2160767911145779"]
[EventDate "2004.05.21"]
[EventType "swiss"]
[EventRounds "7"]
[EventCountry "CAN"]
[SourceTitle "LesEchecs.com"]
[Source "LesEchecs.com"]
[SourceDate "2003.03.18"]
[SourceVersion "1"]
[SourceVersionDate "2003.01.01"]
[SourceQuality "1"]

1. c4 Nf6 2. Nc3 b6 3. e4 e5 4. d3 Be7 5. f4 d6 6. Nf3 Nbd7 7. Be2 Bb7 8. O-O O-O 9. Qc2 c6 10. Bd2 Ne8 11. f5 Nef6 12. Ne1 d5 13. g4 Ne8 14. Rd1 Bg5 15. Nf3 Bxd2 16. Rxd2 d4 17. Nd1 f6 18. h4 h6 19. h5 Nd6 20. Nh4 Nf7 21. Ng6 Re8 22. Nf2 Ng5 23. Kh2 Qc7 24. Nh3 c5 25. Nxg5 fxg5 26. Qd1 Nf6 27. Bf3 Bc6 28. Qe1 a6 29. Qg3 Kh7 30. Rb1 a5 31. b3 Qd6 32. a3 Nd7 33. Rdb2 Reb8 34. b4 Ba4 35. Qe1 Bc6 36. Kh3 Ba4 37. Be2 Bc6 38. Qd1 axb4 39. axb4 Ba4 40. Qd2 Bc6 41. b5 Bb7 42. Bd1 Kg8 43. Bb3 Kf7 44. Rc1 Ra5 45. Rcc2 Rba8 46. Ra2 Qb8 47. Rxa5 Rxa5 48. Ra2 Rxa2 49. Qxa2 Qa8 50. Qxa8 1/2-1/2

[Event "Keres mem (29th)"]
[Site "Vancouver CAN"]
[Date "2004.05.22"]
[Round "2.14"]
[White "Mandic, Slaven"]
[Black "Daroza, Eduardo"]
[Result "1/2-1/2"]
[WhiteElo "1970"]
[BlackElo "2137"]
[PlyCount "57"]
[GameId "2160767911145780"]
[EventDate "2004.05.21"]
[EventType "swiss"]
[EventRounds "7"]
[EventCountry "CAN"]
[SourceTitle "LesEchecs.com"]
[Source "LesEchecs.com"]
[SourceDate "2003.03.18"]
[SourceVersion "1"]
[SourceVersionDate "2003.01.01"]
[SourceQuality "1"]

1. f4 d5 2. e3 Nf6 3. Nf3 Bg4 4. h3 Bxf3 5. Qxf3 Nbd7 6. d4 e6 7. Bd3 Be7 8. O-O h5 9. Nd2 c6 10. c3 Qc7 11. e4 dxe4 12. Nxe4 Nxe4 13. Bxe4 Nf6 14. Bd3 g6 15. Bd2 h4 16. c4 O-O-O 17. Bc3 Nh5 18. Rad1 Bf6 19. Bb1 Ng3 20. Rf2 Qb6 21. c5 Qc7 22. b4 Rd5 23. Be4 Nxe4 24. Qxe4 Rhd8 25. a4 Kd7 26. b5 Ke8 27. Rfd2 Rf5 28. Rf1 Rfd5 29. Rf3 1/2-1/2

[Event "Keres mem (29th)"]
[Site "Vancouver CAN"]
[Date "2004.05.22"]
[Round "2.15"]
[White "Fletcher, Christopher"]
[Black "Sladek, Vaclav"]
[Result "0-1"]
[WhiteElo "1689"]
[BlackElo "2000"]
[PlyCount "58"]
[GameId "2160767911145781"]
[EventDate "2004.05.21"]
[EventType "swiss"]
[EventRounds "7"]
[EventCountry "CAN"]
[SourceTitle "LesEchecs.com"]
[Source "LesEchecs.com"]
[SourceDate "2003.03.18"]
[SourceVersion "1"]
[SourceVersionDate "2003.01.01"]
[SourceQuality "1"]

1. d4 Nf6 2. c4 e6 3. Nc3 Bb4 4. a3 Bxc3+ 5. bxc3 c5 6. e3 O-O 7. Bd3 Qa5 8. Ne2 Nc6 9. O-O d5 10. Qc2 h6 11. f3 Bd7 12. Bd2 Rac8 13. e4 dxc4 14. Bxc4 Qd8 15. dxc5 Ne5 16. Ba2 Rxc5 17. Be3 Ra5 18. Bb1 Ba4 19. Qc1 Qc7 20. Bxh6 gxh6 21. Qxh6 Ng6 22. g4 Qc5+ 23. Kh1 Qg5 24. Qh3 Bb5 25. f4 Qxg4 26. Qxg4 Nxg4 27. Re1 Bxe2 28. Rxe2 Nxf4 29. Rd2 Rg5 0-1